00985cam a22002414a 45000010009000000050017000090080041000260200015000670400013000820820023000951000021001182450274001392500012004132600041004253000047004665000067005136500021005806500033006016500021006346500029006556500029006847000030007131392553820211215101803.0050411s2005 orua bf 001 0 eng  a0881927503 cPK-LaUMT00a581.659222bFRO-P1 aFrohne, Dietrich10aPoisonous plants :ba handbook for doctors, pharmacists, toxicologists, biologists and veterinarians /cDietrich Frohne and Hans Jürgen Pfänder ; translated by Inge Alford ; consultant editors to the English edition and appendix, Patrick McKinney and Kirk Cumpston. a2nd ed. aPortland, Or. :bTimber Press,c2005 aviii, 469 p. :bill. (some col.) ;c28 cm. a"Translated from the German fifth edition (2004)"--T.p. verso. 0aPoisonous plants 0aPoisonous plantsxToxicology 0aPoisonous plants 0aPoisonous plantszEurope 0aPoisonous plantszEurope1 aPfänder, Hans Jürgen.